A Gergely-járás (március 12.)

Bibliographic Details
Main Author: Csáky, Károly, 1950- (Author)
Format: Article
Language:Hungarian
ISSN:1335-6534
Subjects:

MARC

LEADER 00000nab a2200000 a 4500
001 vtls001561540
003 SK-MaSNL
005 20260318123548.0
008 160405c2005 xo |||||||| 000 b|hun
015 |a SNBRB2005/03  |2 snkbucl 
038 |a SNKBUCL 
040 |a DSZK  |b slo  |c DSZK  |e AACR2 
041 0 |a hun 
044 |a xo  |c SK 
080 |a 398.33  |x (437.6)  |x (=511.141)  |2 1997 
100 1 |a Csáky, Károly,  |d 1950-  |4 aut  |9 99675 
245 1 0 |a A Gergely-járás (március 12.)  |c Csáky Károly 
504 |a Bibliografické odkazy 
650 0 7 |a ľudové zvyky  |2 SNKPH  |9 66558 
650 0 7 |a gregorovanie  |2 SNKPH  |9 73713 
650 0 7 |a etnografia  |2 SNKPH  |9 950 
651 7 |a Slovensko  |2 SNKPHgeo  |9 14231 
773 0 |t Remény  |g Évf. XVI, sz. 11 (2005), o. 7  |x 1335-6534 
852 |a SNK  |b KIS3GCP 
852 |a DSZK  |b KIS3GCP 
958 |a HU 
958 |a SK 
999 |c 2689986  |d 2691916